Bioética y justicia sanitaria

Saved in:
Bibliografiske detaljer
Hovedforfatter: Escobar Triana, Jaime (Author)
Format: Bog
Sprog:spansk
Udgivet: Bogotá El Bosque 1999
Serier:Colección Bíos y Ethos, 9
Fag:
Tags: Tilføj Tag
Ingen Tags, Vær først til at tagge denne postø!

MARC

LEADER 00000nam a2200000 a 4500
001 UCM5118
003 CL-VaPUC
008 020927e19990000CK |||||||||||||||||spa|d
082 0 4 |a 154.957  |b ESC  |2 21 
100 0 |a Escobar Triana, Jaime  |e author  |9 471495 
245 1 0 |a Bioética y justicia sanitaria 
300 |a 216 p 
942 |c BK 
945 |d 20020927 00:00:00  |a cmena 
260 |a Bogotá  |b El Bosque  |c 1999 
600 0 7 |a SISTEMA NACIONAL DE SALUD  |2 CL-VaPUC  |9 471496 
650 0 |a Bioética  |9 256117 
650 0 |a Salud pública  |9 258913 
650 0 |a Derechos humanos  |9 223025 
650 0 |a Desigualdad social  |9 349409 
650 0 |a Estado y sociedad  |9 345536 
651 0 |a Colombia  |9 256424 
583 |a last modification  |c 20020927 00:00:00  |k Rodrigo Vera 
490 0 |a Colección Bíos y Ethos, 9 
999 |c 301401  |d 301399 
952 |0 0  |1 0  |4 0  |6 154_957000000000000_ESC_1999  |7 0  |8 DER_TF  |9 360305  |a BIBDER  |b BIBDER  |d 2019-11-21  |i 3837858  |o 154.957 ESC 1999  |p 3837858  |r 2023-01-25  |w 2019-11-21  |x Ubicación 4to Piso  |y BK  |z Estos recursos deben solicitarse con anticipación  |k DER